000 00608nam a22001937a 4500
003 OSt
005 20140310181916.0
008 130716t xxu||||| |||| 00| 0 eng d
050 _aLB 1050.46
_b.R287 2002
082 _aTR 372.44
_bR22 2002
110 _aScholastic Inc.,
_9960
245 _aReading placement tests : easy assessments to determine students levels in phonics, vocabulary, and reading comprehension 4th -6th Grades.
260 _aNew York :
_bScholastic,
_cc2002.
300 _a72 p. ;
_bill. ;
_c28 cm.
521 _aFaculty
541 _j1
562 _e1
942 _2lcc
_cBK-TR
_kTR
999 _c6763
_d6763